Butterworth Insurance law Hand book / (Record no. 5286)

MARC details
000 -LEADER
fixed length control field 00634nam a22002057a 4500
008 - FIXED-LENGTH DATA ELEMENTS--GENERAL INFORMATION
fixed length control field 130301t xxu||||| |||| 00| 0 eng d
020 ## - INTERNATIONAL STANDARD BOOK NUMBER
International Standard Book Number 9-7814-0575-5825
082 ## - DEWEY DECIMAL CLASSIFICATION NUMBER
Edition number 22 ed.
Classification number 346.086 BUT
100 ## - MAIN ENTRY--PERSONAL NAME
Personal name Edited by Barton.Andrew
9 (RLIN) 6959
245 ## - TITLE STATEMENT
Title Butterworth Insurance law Hand book /
Statement of responsibility, etc Edited by Andrew Barton
250 ## - EDITION STATEMENT
Edition statement 12 ed
260 ## - PUBLICATION, DISTRIBUTION, ETC. (IMPRINT)
Place of publication, distribution, etc USA :
Name of publisher, distributor, etc Lexis Nexis
Date of publication, distribution, etc 2011
300 ## - PHYSICAL DESCRIPTION
Extent xix, 3228 P. ;
Dimensions 25 cm.
500 ## - GENERAL NOTE
General note Includes Index
650 ## - SUBJECT ADDED ENTRY--TOPICAL TERM
Topical term or geographic name as entry element Insurance law
9 (RLIN) 6960
650 ## - SUBJECT ADDED ENTRY--TOPICAL TERM
Topical term or geographic name as entry element Insurance
9 (RLIN) 6961
650 ## - SUBJECT ADDED ENTRY--TOPICAL TERM
Topical term or geographic name as entry element Butterworth Insurance law Hand book
9 (RLIN) 6962
650 ## - SUBJECT ADDED ENTRY--TOPICAL TERM
Topical term or geographic name as entry element Insurance law Hand book
9 (RLIN) 6963
942 ## - ADDED ENTRY ELEMENTS (KOHA)
Source of classification or shelving scheme Dewey Decimal Classification
Item type Books
Holdings
Withdrawn status Lost status Source of classification or shelving scheme Damaged status Not for loan Home library Current library Shelving location Date acquired Total Checkouts Full call number Barcode Date last seen Copy number Price effective from Koha item type Public note
    Dewey Decimal Classification     Law Development Centre Main Library Law Development Centre Main Library Text Books and Laws 03/01/2013   346.086 BUT 4298/2013 03/01/2013 1 03/01/2013 Books Reserve